South America: Capitals and Countries (Expert) - Statistics

General Stats
  • This quiz has been taken 47 times
    42 since last reset
  • The average score is 24 of 25
Answers on the Map
Answers color-coded by a green-red scale on the quiz's map according to % correct below.
 
Answer Stats
Answer % Correct
Brazil
100%
Venezuela
100%
Argentina
95%
Asunción
95%
Bogotá
95%
Bolivia
95%
Brasilia
95%
Buenos Aires
95%
Caracas
95%
Chile
95%
Colombia
95%
Ecuador
95%
Guyana
95%
La Paz
95%
Lima
95%
Montevideo
95%
Paraguay
95%
Paramaribo
95%
Peru
95%
Quito
95%
Santiago de Chile
95%
Suriname
95%
Uruguay
95%
Georgetown
90%
Sucre
80%
No matching quizzes found
Score Distribution
Percent of People with Each Score
Percentile by Number Answered
Your Score History
You have not taken this quiz since the last reset